000 00366nam a2200121Ia 4500
008 241028s9999 xx 000 0 und d
041 _aeng
082 _a658.85 ING
100 _aIngram/ Laforge/ Avila/ Schwepker/ Williams
245 _aSell: Trust-Based Professional Selling With Mindtap
260 _bCengage Learning India
_aDehli
_c2020
300 _a325;. P. 24 cm
999 _c42989
_d42989